Statistics for SAT Words HARD Click Quiz - H

Click here to take the quiz!

General Stats

  • This quiz has been taken 202 times
  • The average score is 11 of 15

Answer Stats

HintAnswer% Correct
Break in continuity; pauseHiatus
90%
Greedy or gluttonousHoggish
84%
Bulge out; protrudeHerniate
83%
Excessive or rapid growthHypertrophy
81%
Not following traditional or orthodox valuesHeterodox
79%
Disdainful pride; haughtinessHauteur
77%
Reckless, haphazard behaviourHarum-scarum
74%
Belief that all matter contains lifeHylozoism
74%
Rope used to hoist a sail or flagHalyard
67%
Small man or creatureHomunculus
64%
Harsh, scolding womanHarridan
63%
Glassy and transparentHyaline
63%
Someone in enforced servitude; serfHelot
61%
Interpreter of sacred knowledgeHierophant
61%
Comely woman in Islamic paradise; or, beautiful womanHouri
48%

Score Distribution

Percentile by Number Answered

Percent of People with Each Score

Your Score History

You have not taken this quiz